IBroads Act 1988 : a framework for environmental planning and management (Record no. 16926)

MARC details
000 -LEADER
fixed length control field 01058cab a2200193 4500
001 - CONTROL NUMBER
control field ABS40646
008 - FIXED-LENGTH DATA ELEMENTS--GENERAL INFORMATION
fixed length control field 090401t1989 xxu||||| |||| 00| 0 eng d
035 ## - SYSTEM CONTROL NUMBER
System control number (Sirsi) u25219
041 ## - LANGUAGE CODE
Language code of text/sound track or separate title eng
100 ## - MAIN ENTRY--PERSONAL NAME
Personal name Shaw, M.
245 ## - TITLE STATEMENT
Title IBroads Act 1988 : a framework for environmental planning and management
260 ## - PUBLICATION, DISTRIBUTION, ETC.
Date of publication, distribution, etc. 1989
350 ## - PRICE (NR) (BK AM CF MU VM SE) [OBSOLETE]
Price 0
490 ## - SERIES STATEMENT
Series statement JPL
Volume/sequential designation 1989 241-246(7)
520 ## - SUMMARY, ETC.
Summary, etc. A new Broads Authority will go live on 1 April 1989. This new agency for planning and managing the Broads was created by the enactment of the Norfolk and Suffolk Broads Bill in March 1988. The Broads Act 1988 has other implications for countryside planning. Against the background of the area`s environment al problems, this article explains why those pressures required a new organisation to manage the area, highlights the planning issues which arose during the passage of the legislation and summarises the framework for future planning provided by the Act. (from Journal abstract)
690 ## - LOCAL SUBJECT ADDED ENTRY--TOPICAL TERM (OCLC, RLIN)
Topical term or geographic name as entry element PLANNING LAW AND PRACTICE
942 ## - ADDED ENTRY ELEMENTS (KOHA)
Suppress in OPAC 0
948 ## - LOCAL PROCESSING INFORMATION (OCLC); SERIES PART DESIGNATOR (RLIN)
c (OCLC) 04/03/1997
Holdings
Withdrawn status Lost status Source of classification or shelving scheme Damaged status Not for loan Home library Current library Shelving location Date acquired Total Checkouts Full call number Barcode Date last seen Copy number Price effective from Koha item type
    Dewey Decimal Classification     London London Journal article 14/09/1999   ABS40646 25219-1001 06/08/2019 1 06/08/2019 Journal article